| 000 | 00804nam a2200205 a 4500 | ||
|---|---|---|---|
| 003 | 0 | ||
| 005 | 20250602155616.0 | ||
| 008 | 021125s19uu xx 00 eng d | ||
| 050 |
_aPGS GV 709.2 _b.D666 2000 |
||
| 100 | _aDomagas, Michael Lance. | ||
| 245 |
_aA survey on sports preferences and its perceived effects to grade 6 students of Southville International School / _cMichael Lance Domagas. |
||
| 260 |
_aLas PiƱas City, Philippines : _bSouthville International School and Colleges, _c2000. |
||
| 300 |
_a41 pages : _bcolored illustrations ; _c28 cm. |
||
| 504 | _aIncludes bibliographical references. | ||
| 650 |
_aSports _vPsychological aspects. |
||
| 650 |
_aSports _vSocial aspects. |
||
| 650 |
_aChildren _vRecreation. |
||
| 650 | _aPhysical education and training. | ||
| 942 |
_2lcc _cPASS |
||
| 999 |
_c96354 _d96354 |
||